Contra la muerte y el demonio : (Record no. 18997)
[ view plain ]
| 000 -CABECERA | |
|---|---|
| campo de control de longitud fija | 00846cam a2200241 a 4500 |
| 001 - NÚMERO DE CONTROL | |
| campo de control | 000019481 |
| 005 - FECHA Y HORA DE LA ÚLTIMA TRANSACCIÓN | |
| campo de control | 20200929170030.0 |
| 008 - DATOS DE LONGITUD FIJA--INFORMACIÓN GENERAL | |
| campo de control de longitud fija | 820119s1972 sp 000 0 spa d |
| 040 ## - FUENTE DE LA CATALOGACIÓN | |
| Centro catalogador/agencia de origen | DO-SdBNP |
| Lengua de catalogación | spa |
| Centro/agencia transcriptor | DLC |
| Centro/agencia modificador | BNPHU |
| 082 ## - NÚMERO DE LA CLASIFICACIÓN DECIMAL DEWEY | |
| Número de clasificación | 926.6 |
| Número de documento/Ítem | T431c |
| 049 ## - FONDOS LOCALES (OCLC) | |
| Fondos de biblioteca | BNGR |
| 100 1# - ENTRADA PRINCIPAL--NOMBRE DE PERSONA | |
| Nombre de persona | Thiel, Rudolf, |
| Fechas asociadas al nombre | 1899-1981. |
| 9 (RLIN) | 41847 |
| 240 10 - TÍTULO UNIFORME | |
| Título uniforme | Manner gegen tod und teufel |
| 245 10 - MENCIÓN DE TÍTULO | |
| Título | Contra la muerte y el demonio : |
| Resto del título | de la vida de los grandes médicos / |
| Mención de responsabilidad, etc. | Rudolf Thiel ; traducción del alemán por José M. Sacristán. |
| 260 ## - PUBLICACIÓN, DISTRIBUCIÓN, ETC. | |
| Lugar de publicación, distribución, etc. | Madrid, España : |
| Nombre del editor, distribuidor, etc. | Editorial Espasa-Calpe, |
| Fecha de publicación, distribución, etc. | 1972. |
| 300 ## - DESCRIPCIÓN FÍSICA | |
| Extensión | 284 p. ; |
| Dimensiones | 18 cm. |
| 490 1# - MENCIÓN DE SERIE | |
| Mención de serie | Austral |
| Designación de volumen o secuencia | 1477 |
| 650 #4 - PUNTO DE ACCESO ADICIONAL DE MATERIA--TÉRMINO DE MATERIA | |
| Término de materia o nombre geográfico como elemento de entrada | Médicos |
| Subdivisión general | Biografía |
| 9 (RLIN) | 41848 |
| 650 #4 - PUNTO DE ACCESO ADICIONAL DE MATERIA--TÉRMINO DE MATERIA | |
| Término de materia o nombre geográfico como elemento de entrada | Medicina |
| Subdivisión general | Historia |
| 9 (RLIN) | 18676 |
| 700 1# - PUNTO DE ACCESO ADICIONAL--NOMBRE DE PERSONA | |
| Nombre de persona | Sacristán, José Miguel |
| Término indicativo de función/relación | tr. |
| 9 (RLIN) | 41849 |
| 830 #0 - PUNTO DE ACCESO ADICIONAL DE SERIE-TÍTULO UNIFORME | |
| Título uniforme | Austral ; |
| Designación de volumen o secuencia | 1477 |
| 9 (RLIN) | 3065 |
| 910 ## - DATOS DE OPCIÓN DEL USUARIO (OCLC) | |
| Datos de opción del usuario | Catalogación derivada / LC |
| Estado de retiro | Estado de pérdida | Restricciones de uso | No para préstamo | Código de colección | Localización permanente | Ubicación/localización actual | Ubicación en estantería | Fecha de adquisición | Número de inventario | Total de préstamos | Signatura topográfica completa | Código de barras | Fecha visto por última vez | Precio válido a partir de | Tipo de ítem Koha |
|---|---|---|---|---|---|---|---|---|---|---|---|---|---|---|---|
| Monografías: Libros y Folletos | General | General | En catalogación | 29.06.2010 | LF1 | 926.6 T431c | 19481-10 | 25.06.2020 | 25.06.2020 | Préstamo en sala |
